Wszycy półfinaliści Ligi Mistrzów - Statystyki

Ogólne statystyki
  • Ten quiz został rozwiązany 749 razy
    735 od ostatniego zresetowania
  • Średni wynik to 26 z 76
Statystyki odpowiedzi
Klub % Poprawnych
Real Madryt
99%
FC Barcelona
95%
Manchester City
95%
Bayern Monachium
93%
Inter Mediolan
92%
Liverpool
91%
AC Milan
90%
Chelsea
90%
Manchester United
89%
PSG
89%
Borussia Dortmund
86%
Juventus
85%
Atlético Madryt
81%
Arsenal
80%
Ajax
76%
FC Porto
70%
Benfica
64%
Tottenham Hotspur
60%
AS Roma
58%
Bayer Leverkusen
52%
AS Monaco
50%
Nottingham Forest
50%
Valencia
50%
Aston Villa
49%
Villarreal
47%
Olympique Lyon
46%
Olympique Marsylia
43%
Celtic
42%
Crvena Zvezda
42%
Feyenoord
38%
PSV Eindhoven
37%
Steaua Bukareszt
37%
RB Lipsk
36%
Legia Warsawa
32%
Hamburger SV
26%
Dynamo Kijów
25%
Deportivo La Coruña
23%
Fiorentina
22%
Schalke 04
21%
Widzew Lódź
21%
Anderlecht
17%
Galatasaray
17%
Malmö FF
16%
Sparta Praga
16%
Eintracht Frankfurt
15%
Leeds United
15%
Panathinaikos
15%
Club Brugge
14%
Real Sociedad
14%
Sampdoria
14%
Spartak Moskwa
14%
Borussia Mönchengladbach
12%
Partizan Belgrad
11%
Austria Wiedeń
10%
Girondins Bordeaux
8%
Stade de Reims
8%
Rapid Wiedeń
7%
Saint-Etienne
7%
FC Köln
6%
IFK Göteborg
6%
CSKA Sofia
4%
Young Boys
4%
FC Nantes
3%
Rangers FC
3%
FC Zürich
2%
Standard Liège
2%
Derby County
1%
Dinamo Bukareszt
1%
Dukla Praga
1%
Dundee United
1%
Ujpest FC
1%
Vasas SC
1%
Dundee FC
0%
Gyori FC
0%
Hibernian FC
0%
Spartak Trnava
0%
Nie znaleziono quizów pasujących do podanych kryteriów
Rozkład punktacji
Procent ludzi z każdym wynikiem
Percentyl według liczby udzielonych odpowiedzi
Twoja historia wyników
Nie rozwiązałeś tego quizu od ostatniego zresetowania